Bioinorganic vanadium chemistry / (Record no. 7152)

MARC details
000 -LEADER
fixed length control field 01787cam a22004094a 4500
001 - CONTROL NUMBER
control field 15061581
003 - CONTROL NUMBER IDENTIFIER
control field OSt
005 - DATE AND TIME OF LATEST TRANSACTION
control field 20210907123848.0
008 - FIXED-LENGTH DATA ELEMENTS--GENERAL INFORMATION
fixed length control field 071026s2008 enka b 001 0 eng
010 ## - LIBRARY OF CONGRESS CONTROL NUMBER
LC control number 2007044559
016 7# - NATIONAL BIBLIOGRAPHIC AGENCY CONTROL NUMBER
Record control number 101319464
Source DNLM
020 ## - INTERNATIONAL STANDARD BOOK NUMBER
International Standard Book Number 9780470065099 (cloth : alk. paper)
020 ## - INTERNATIONAL STANDARD BOOK NUMBER
International Standard Book Number 0470065095 (cloth : alk. paper)
020 ## - INTERNATIONAL STANDARD BOOK NUMBER
International Standard Book Number 9780470065167 (pbk. : alk. paper)
020 ## - INTERNATIONAL STANDARD BOOK NUMBER
International Standard Book Number 0470065168 (pbk. : alk. paper)
035 ## - SYSTEM CONTROL NUMBER
System control number (OCoLC)180195541
035 ## - SYSTEM CONTROL NUMBER
System control number (OCoLC)ocn180195541
040 ## - CATALOGING SOURCE
Original cataloging agency DNLM/DLC
Transcribing agency DDC
Modifying agency NLM
-- BAKER
-- BWKUK
-- YDXCP
-- BTCTA
-- CDX
-- DLC
042 ## - AUTHENTICATION CODE
Authentication code pcc
050 00 - LIBRARY OF CONGRESS CALL NUMBER
Classification number QD181.V2
Item number R34 2008
060 10 - NATIONAL LIBRARY OF MEDICINE CALL NUMBER
Classification number QV 290
Item number R345b 2008
082 00 - DEWEY DECIMAL CLASSIFICATION NUMBER
Classification number 546.522REH2008
100 1# - MAIN ENTRY--PERSONAL NAME
Personal name Rehder, Dieter.
9 (RLIN) 14726
245 10 - TITLE STATEMENT
Title Bioinorganic vanadium chemistry /
Statement of responsibility, etc. Edited by Rehder,Dieter;
260 ## - PUBLICATION, DISTRIBUTION, ETC. (IMPRINT)
Place of publication, distribution, etc. Chichester, England ;
-- Hoboken, NJ :
Name of publisher, distributor, etc. John Wiley & Sons,
Date of publication, distribution, etc. c2008.
300 ## - PHYSICAL DESCRIPTION
Extent x,213p;
Other physical details ill.
Dimensions 26 cm.
490 1# - SERIES STATEMENT
Series statement Inorganic chemistry,
International Standard Serial Number 1939-5175
504 ## - BIBLIOGRAPHY, ETC. NOTE
Bibliography, etc Includes; references and index.
505 0# - FORMATTED CONTENTS NOTE
Formatted contents note Introduction and background -- Inorganic and coordination compounds of vanadium -- Physico-chemical methods for the characterisation of native and model vanadium compounds -- Naturally occurring vanadium compounds -- Influence of vanadium compounds on cellular functions -- Epilogue.
650 #0 - SUBJECT ADDED ENTRY--TOPICAL TERM
Topical term or geographic name as entry element Chemistry
9 (RLIN) 797
830 #0 - SERIES ADDED ENTRY--UNIFORM TITLE
Uniform title Inorganic chemistry (John Wiley & Sons)
9 (RLIN) 14727
856 42 - ELECTRONIC LOCATION AND ACCESS
Materials specified Publisher description
Uniform Resource Identifier <a href="http://www.loc.gov/catdir/enhancements/fy0804/2007044559-d.html">http://www.loc.gov/catdir/enhancements/fy0804/2007044559-d.html</a>
856 41 - ELECTRONIC LOCATION AND ACCESS
Materials specified Table of contents only
Uniform Resource Identifier <a href="http://www.loc.gov/catdir/enhancements/fy0804/2007044559-t.html">http://www.loc.gov/catdir/enhancements/fy0804/2007044559-t.html</a>
906 ## - LOCAL DATA ELEMENT F, LDF (RLIN)
a 7
b cbc
c orignew
d 1
e ecip
f 20
g y-gencatlg
942 ## - ADDED ENTRY ELEMENTS (KOHA)
Source of classification or shelving scheme Dewey Decimal Classification
Koha item type Open Shelf
Holdings
Withdrawn status Lost status Source of classification or shelving scheme Damaged status Not for loan Home library Current library Date acquired Source of acquisition Inventory number Total Checkouts Full call number Barcode Date last seen Price effective from Koha item type
    Dewey Decimal Classification     MUST Main Library MUST Main Library 07/09/2021 donation 11/35076   546.522REH2008 2021-0903 07/09/2021 07/09/2021 Open Shelf